Statistics for Countries Touched By ducklingpanda1245

Click here to take the quiz!

General Stats

  • This quiz has been taken 21 times
  • The average score is 12 of 12

Answers on the Map

Answers color-coded by a green-red scale on the quiz's map according to % correct below.
 

Answer Stats

Answer% Correct
Bolivia
100%
Brazil
100%
Canada
100%
Iceland
100%
Peru
100%
China
94%
Denmark (Greenland)
94%
Ecuador
94%
Japan
94%
North Korea
94%
Norway
94%
Sweden
88%

Score Distribution

Percentile by Number Answered

Percent of People with Each Score

Your Score History

You have not taken this quiz